Countries as Circles - Americas - Map Quiz - Statistics

General Stats
  • This quiz has been taken 37 times
  • The average score is 22 of 35
Answers on the Map
Answers color-coded by a green-red scale on the quiz's map according to % correct below.
 
Answer Stats
Answer % Correct
Canada
100%
Mexico
97%
United States
97%
Guatemala
83%
Argentina
72%
Bolivia
72%
Peru
72%
Belize
69%
Chile
69%
Colombia
69%
Costa Rica
69%
Ecuador
69%
El Salvador
69%
Nicaragua
69%
Panama
69%
Paraguay
69%
Brazil
66%
Dominican Republic
66%
Haiti
66%
Honduras
66%
Uruguay
66%
Venezuela
66%
Bahamas
62%
Guyana
62%
Jamaica
62%
Suriname
62%
Cuba
59%
Trinidad and Tobago
59%
Grenada
38%
Saint Vincent and the Grenadines
38%
Barbados
31%
Saint Lucia
31%
Antigua and Barbuda
28%
Dominica
17%
Saint Kitts and Nevis
17%
No matching quizzes found
Score Distribution
Percent of People with Each Score
Percentile by Number Answered
Your Score History
You have not taken this quiz